LEADER 01959oam 2200529zu 450 001 9910375829003321 005 20210807002019.0 035 $a(CKB)3170000000002142 035 $a(SSID)ssj0000753063 035 $a(PQKBManifestationID)12326678 035 $a(PQKBTitleCode)TC0000753063 035 $a(PQKBWorkID)10800405 035 $a(PQKB)10048172 035 $a(Association for Computing Machinery)10.1145/642611 035 $a(EXLCZ)993170000000002142 100 $a20160829d2003 uy 101 0 $aeng 135 $aurnn|008mam|a 181 $ctxt 182 $cc 183 $acr 200 10$aCHI 2003 : new horizons : conference proceedings, Conference on Human Factors in Computing Systems 210 31$a[Place of publication not identified]$cAssociation for Computing Machinery$d2003 215 $a1 online resource (620 p.;) 225 0 $aChi letters CHI 2003 300 $aBibliographic Level Mode of Issuance: Monograph 311 $a1-58113-630-7 330 $aAnnual CHI conference is the leading international forum for the exchange of ideas and information about computer-human interaction (CHI), also known as human-computer interaction (HCI). 410 0$aACM Conferences 517 3 $aCHI '03 606 $aHuman-computer interaction$vCongresses 606 $aUser interfaces (Computer systems)$vCongresses 606 $aEngineering & Applied Sciences$2HILCC 606 $aComputer Science$2HILCC 615 0$aHuman-computer interaction 615 0$aUser interfaces (Computer systems) 615 7$aEngineering & Applied Sciences 615 7$aComputer Science 676 $a004/.01/9 702 $aBellotti$b Victoria 712 02$aSIGCHI (Group : U.S.) 712 12$aCHI Conference 801 0$bPQKB 906 $aBOOK 912 $a9910375829003321 996 $aCHI 2003 : new horizons : conference proceedings, Conference on Human Factors in Computing Systems$92146532 997 $aUNINA